| 000 | 00616nam a22002057a 4500 | ||
|---|---|---|---|
| 003 | OSt | ||
| 005 | 20260313005153.0 | ||
| 008 | 260313b |||||||| |||| 00| 0 eng d | ||
| 020 | _a81-7648-910-7. | ||
| 040 |
_aDWCL Main lib _cOC |
||
| 082 | _aCirc. 333.7 S617t 2005 | ||
| 100 | _aSingh, Y.K. | ||
| 245 |
_aTeaching of environmental science _cY.K. Singh |
||
| 260 |
_aNew Delhi : _bA.P.H. Publishing House, _cc2005. |
||
| 300 |
_ax, 366 p. ; _c21 cm. |
||
| 504 | _aIncludes index. | ||
| 650 | _a1. Environmental science--Teaching of. | ||
| 650 | _a2. Environmental education. | ||
| 942 |
_2ddc _cBK-CIRC _kCirc. _n0 |
||
| 999 |
_c9070 _d9070 |
||